Bandiere del Mondo - Europa Quiz n°2 - Statistics

Statistiche generali
  • Questo quiz è stato fatto 200 volte
  • Il punteggio medio è 21 su 23
Statistiche sulle risposte
con Immagini Risposta % Corretto
Albania
99%
Francia
99%
Svizzera
98%
Città del Vaticano
97%
Germania
96%
Irlanda
96%
Spagna
95%
Austria
93%
Portogallo
93%
Repubblica Ceca
93%
Macedonia del Nord
92%
Malta
91%
Paesi Bassi
91%
Polonia
91%
Danimarca
89%
Ungheria
89%
Lettonia
88%
Moldavia
88%
Slovacchia
88%
Kosovo
86%
Andorra
83%
Montenegro
83%
Liechtenstein
79%
Nessun quiz corrispondente trovato
Distribuzione punteggi
Percentuale di utenti per punteggio
Percentile per numero di risposta
I tuoi punteggi nel tempo
Non hai fatto questo quiz